Sports Quiz

Random Sports or Baseball Quiz

MLB Most Single-Season Hits by Team (AL) Quiz Stats

 Plays Quiz Updated Oct 15, 2017

Challenge
Share
Tweet
Embed
Score 0/150 Timer 15:00
2 Plays Today
Team Player % Correct
New York YankeesDerek Jeter
91%
New York YankeesDerek Jeter
91%
New York YankeesDerek Jeter
91%
New York YankeesDerek Jeter
91%
Seattle MarinersIchiro Suzuki
88.1%
Seattle MarinersIchiro Suzuki
88.1%
Seattle MarinersIchiro Suzuki
88.1%
Seattle MarinersIchiro Suzuki
88.1%
Seattle MarinersIchiro Suzuki
88.1%
Seattle MarinersIchiro Suzuki
88.1%
Seattle MarinersIchiro Suzuki
88.1%
Seattle MarinersIchiro Suzuki
88.1%
Kansas City RoyalsGeorge Brett
82.6%
Kansas City RoyalsGeorge Brett
82.6%
Kansas City RoyalsGeorge Brett
82.6%
New York YankeesLou Gehrig
82%
New York YankeesLou Gehrig
82%
Houston AstrosCraig Biggio
81.6%
Houston AstrosCraig Biggio
81.6%
Detroit TigersTy Cobb
79.6%
Detroit TigersTy Cobb
79.6%
Detroit TigersTy Cobb
79.6%
Detroit TigersTy Cobb
79.6%
Houston AstrosJose Altuve
77.5%
Houston AstrosJose Altuve
77.5%
Minnesota TwinsKirby Puckett
74.3%
Minnesota TwinsKirby Puckett
74.3%
New York YankeesJoe DiMaggio
74.2%
Boston Red SoxWade Boggs
73.9%
Boston Red SoxWade Boggs
73.9%
Boston Red SoxWade Boggs
73.9%
Seattle MarinersAlex Rodriguez
73.4%
Seattle MarinersAlex Rodriguez
73.4%
Boston Red SoxDustin Pedroia
69.8%
New York YankeesDon Mattingly
69.4%
Chicago White Sox'Shoeless' Joe Jackson
68.3%
Chicago White Sox'Shoeless' Joe Jackson
68.3%
Cleveland Indians'Shoeless' Joe Jackson
68.3%
Cleveland Indians'Shoeless' Joe Jackson
68.3%
Texas RangersMichael Young
66.6%
Texas RangersMichael Young
66.6%
Texas RangersMichael Young
66.6%
Texas RangersMichael Young
66.6%
Texas RangersMichael Young
66.6%
Tampa Bay RaysDelmon Young
66.4%
Tampa Bay RaysCarl Crawford
66.3%
Tampa Bay RaysCarl Crawford
66.3%
Tampa Bay RaysCarl Crawford
66.3%
Tampa Bay RaysCarl Crawford
66.3%
Tampa Bay RaysCarl Crawford
66.3%
Team Player % Correct
Tampa Bay RaysCarl Crawford
66.3%
Detroit TigersSam Crawford
66.2%
Minnesota TwinsRod Carew
63.8%
Minnesota TwinsRod Carew
63.8%
Los Angeles AngelsGarret Anderson
63.4%
Los Angeles AngelsGarret Anderson
63.4%
Los Angeles AngelsGarret Anderson
63.4%
Los Angeles AngelsGarret Anderson
63.4%
Chicago White SoxNellie Fox
62.8%
Houston AstrosJose Altuve
61.6%
Oakland AthleticsJimmie Foxx
57.9%
Oakland AthleticsJimmie Foxx
57.9%
Los Angeles AngelsMike Trout
57.3%
Houston AstrosLance Berkman
57.2%
Boston Red SoxJim Rice
57.1%
Minnesota TwinsSam Rice
57%
Minnesota TwinsSam Rice
57%
Boston Red SoxAdrian Gonzalez
55.9%
Boston Red SoxMookie Betts
55.9%
Toronto Blue JaysGeorge Bell
53.6%
Baltimore OriolesBeau Bell
53.5%
Baltimore OriolesBeau Bell
53.5%
Houston AstrosDerek Bell
53.4%
Kansas City RoyalsWillie Wilson
51.9%
Toronto Blue JaysPaul Molitor
50.7%
Minnesota TwinsPaul Molitor
50.7%
Los Angeles AngelsVladimir Guerrero
50.6%
Los Angeles AngelsVladimir Guerrero
50.6%
Toronto Blue JaysCarlos Delgado
50.4%
Baltimore OriolesMiguel Tejada
50.4%
Oakland AthleticsMiguel Tejada
50.4%
Kansas City RoyalsMelky Cabrera
50.4%
Los Angeles AngelsOrlando Cabrera
50.4%
Houston AstrosMiguel Tejada
50.1%
Toronto Blue JaysRoberto Alomar
49.3%
Boston Red SoxNomar Garciaparra
48.6%
Boston Red SoxJacoby Ellsbury
47.3%
Boston Red SoxTris Speaker
46.3%
Cleveland IndiansTris Speaker
46.3%
Kansas City RoyalsJohnny Damon
45.8%
Kansas City RoyalsCarlos Beltran
45%
Los Angeles AngelsDarin Erstad
44.6%
Los Angeles AngelsAlex Johnson
43.8%
Cleveland IndiansNap Lajoie
43.6%
Oakland AthleticsNap Lajoie
43.6%
Texas RangersRafael Palmeiro
43%
Toronto Blue JaysJohn Olerud
42.9%
Baltimore OriolesGeorge Sisler
40.7%
Baltimore OriolesGeorge Sisler
40.7%
Baltimore OriolesGeorge Sisler
40.7%
Team Player % Correct
Baltimore OriolesGeorge Sisler
40.7%
Toronto Blue JaysVernon Wells
39.6%
Chicago White SoxAlbert Belle
37.8%
Kansas City RoyalsMike Sweeney
36%
Houston AstrosJose Altuve
35.7%
Detroit TigersMagglio Ordoñez
34.6%
Detroit TigersCharlie Gehringer
33.4%
Chicago White SoxEddie Collins
31.6%
Chicago White SoxAl Simmons
29.7%
Oakland AthleticsAl Simmons
29.7%
Oakland AthleticsAl Simmons
29.7%
Oakland AthleticsAl Simmons
29.7%
Oakland AthleticsAl Simmons
29.7%
Toronto Blue JaysTony Fernandez
28.6%
Chicago White SoxLuke Appling
27.9%
Minnesota TwinsTony Oliva
27.3%
Toronto Blue JaysAaron Hill
23.1%
Texas RangersRuben Sierra
22.9%
Texas RangersJulio Franco
20.6%
Tampa Bay RaysAubrey Huff
20.1%
Detroit TigersHarry Heilmann
20%
Detroit TigersHarry Heilmann
20%
New York YankeesEarle Combs
17.6%
Cleveland IndiansEarl Averill
15.5%
Tampa Bay RaysRocco Baldelli
14.5%
Detroit TigersGeorge Kell
14.4%
Toronto Blue JaysShannon Stewart
14%
Toronto Blue JaysAlex Rios
13.8%
Kansas City RoyalsKevin Seitzer
12.6%
Texas RangersAl Oliver
10.8%
Cleveland IndiansHal Trosky
10.7%
Baltimore OriolesHeinie Manush
9.6%
Minnesota TwinsHeinie Manush
9.6%
Chicago White SoxBuck Weaver
8.2%
Texas RangersMickey Rivers
6.9%
Tampa Bay RaysJulio Lugo
6.4%
Chicago White SoxCarl Reynolds
6.3%
Kansas City RoyalsJoe Randa
5.6%
Houston AstrosEnos Cabell
5.5%
New York YankeesRed Rolfe
5.3%
Baltimore OriolesBaby Doll Jacobson
3.6%
Minnesota TwinsCecil Travis
2.7%
Cleveland IndiansGeorge Burns
2.3%
Oakland AthleticsDoc Cramer
2.3%
Cleveland IndiansCharlie Jamieson
2.3%
Baltimore OriolesJack Tobin
2.2%
Cleveland IndiansJoe Vosmik
1.4%
Oakland AthleticsWally Moses
1.4%
Cleveland IndiansJohnny Hodapp
1.3%
Chicago White SoxRip Radcliff
0.8%

You're not logged in!

Compare scores with friends on all Sporcle quizzes.
Join for Free
OR
Log In

You Might Also Like...

Show Comments

Extras

Top Quizzes Today


Score Distribution

Your Account Isn't Verified!

In order to create a playlist on Sporcle, you need to verify the email address you used during registration. Go to your Sporcle Settings to finish the process.

Report this User

Report this user for behavior that violates our Community Guidelines.

Details: